000
00287nam a22001217a 4500
008
170316b xxu||||| |||| 00| 0 eng d
041
_a
eng
080
_2
9 ED
_a
611
100
_a
7
101
_a
SHM
245
_a
HUMAN ANATOMY PHYSIOLOGY LABORATORY MANUAL
_c
MARIEB.E.N
942
_2
udc
_c
BK
999
_c
7971
_d
7971